00591cam a22002411 4500001001300000003000400013005001700017008004100034010001700075025001800092035002000110040002100130042001200151050001800163100002800181245003400209260001100243300001900254500001400273500001900287650002600306999001700332sa 66002146 DLC20260227112227.0950117s1963 ii 000 1 tamo  asa 66002146  aPL480:I-T-601 a(OCoLC)31829429 aDLCcCUdCUdDLC apremarc00aPL4758.8b.N31 aNaṭarājan̲, A. Le.10aPērīccampal̲akkūṭai. c[1963] a148 p.c19 cm. aIn Tamil. aShort stories. 0aShort stories, Tamil. c68174d68174